| 000 | 00439cam a2200169ua 4500 | ||
|---|---|---|---|
| 003 | OSt | ||
| 008 | 250101b |||||||| |||| 00| 0 eng d | ||
| 020 | _a0-07-017337-0 | ||
| 041 | _aeng | ||
| 082 |
_a621.37 _bDOE/ME |
||
| 100 |
_aDoebelin, Ernest O . _96727 |
||
| 245 | _aMeasurement System : Application and design / | ||
| 250 | _a3 / | ||
| 260 |
_aNew York : _bMc Graw Hill Book Company , _c1983. |
||
| 300 | _a867 ; . | ||
| 942 | _cBK | ||
| 999 |
_c1388 _d1388 |
||